00614nam a2200133 a 45000010005000000030005000050050017000100080041000270400020000682450173000882600075002616500053003367100091003891681CDMR20151016133001.0130130s1999||||||||||||||||||||||||||||d aCDMRbcatcCDMR00aInforme sobre la informació ambientalb: mitjans de comunicació a Catalunya 1999cAssociació Catalana de Comunicació Científica, Grup d'Informació Ambiental aBarcelonac1999bGeneralitat de Catalunya. Departament de Medi Ambient04aMitjans de comunicació de massa i medi ambient2 aAssociació Catalana de Comunicació Científicab -- Grup d'Informació Ambiental